[Event "Africa-ch U20"]
[Site "Entebbe"]
[Date "2018.12.30"]
[Round "3"]
[White "Musasizi, Emmanuel"]
[Black "Mlahleki, Vusimuzi"]
[Result "0-1"]
[WhiteElo "1918"]
[BlackElo "2055"]
[PlyCount "92"]
[EventDate "2018.12.29"]
[EventType "swiss"]
[EventRounds "9"]
[EventCountry "UGA"]
[SourceTitle "CBM 188 Extra"]
[Source "ChessBase"]
[SourceDate "2019.02.28"]
[SourceVersion "1"]
[SourceVersionDate "2019.02.28"]
[SourceQuality "1"]

1. e4 e5 2. Nf3 Nc6 3. Bb5 a6 4. Ba4 Nf6 5. 0-0 Be7 6. d4 b5 7. Bb3 d6 8. dxe5 Nxe5 9. Nxe5 dxe5 10. c3 Qxd1 11. Rxd1 Bb7 12. f3 Bc5+ 13. Kf1 Ke7 14. Ke2 Rhd8 15. Be3 Bxe3 16. Kxe3 Rxd1 17. Bxd1 Nh5 18. g3 g6 19. Bc2 Rf8 20. Nd2 f5 21. exf5 gxf5 22. Bxf5 Rxf5 23. g4 Rf4 24. gxh5 Rh4 25. Rg1 Rxh5 26. Rg2 Rh3 27. a3 a5 28. Rf2 a4 29. Rg2 Bd5 30. Rf2 Ke6 31. Ke2 Kf5 32. Rg2 h5 33. Ke3 e4 34. Rf2 exf3 35. Nxf3 Bxf3 36. Rxf3+ Kg4 37. Rxh3 Kxh3 38. Kd4 Kxh2 39. Kc5 Kg3 40. Kc6 h4 41. Kxc7 h3 42. Kb6 h2 43. Kxb5 h1Q 44. Kxa4 Qb7 45. b4 Kf4 46. c4 Ke4 0-1

[Event "Pretoria Capablanca A"]
[Site "Pretoria"]
[Date "2018.04.27"]
[Round "1"]
[White "Mlahleki, Vusimuzi"]
[Black "Erlank, Warrick"]
[Result "1-0"]
[WhiteElo "1913"]
[BlackElo "1915"]
[PlyCount "49"]
[EventDate "2018.04.26"]
[EventType "tourn"]
[EventRounds "9"]
[EventCountry "RSA"]
[SourceTitle "CBM 184 Extra"]
[Source "ChessBase"]
[SourceDate "2018.06.28"]
[SourceVersion "1"]
[SourceVersionDate "2018.06.28"]
[SourceQuality "1"]

1. e4 e6 2. d4 d5 3. Nd2 Nf6 4. e5 Nfd7 5. Bd3 c5 6. c3 Nc6 7. Ne2 cxd4 8. cxd4 f6 9. exf6 Nxf6 10. 0-0 Bd6 11. Nf3 Qc7 12. Nc3 a6 13. Bg5 0-0 14. Bh4 Nh5 15. Rc1 g6 16. Re1 Rxf3 17. Qxf3 Nxd4 18. Qh3 Nf4 19. Qe3 Qg7 20. Bg3 g5 21. Ne2 Ndxe2+ 22. Bxe2 Bd7 23. Qd2 Re8 24. Bh5 Re7 25. Qa5 1-0

[Event "RSA Inter Regional-ch"]
[Site "Boksburg"]
[Date "2018.01.10"]
[Round "3.3"]
[White "Richter, Jan Michael"]
[Black "Mlahleki, Vusimuzi"]
[Result "0-1"]
[WhiteElo "1584"]
[BlackElo "1920"]
[PlyCount "40"]
[EventDate "2018.01.09"]
[EventType "team-swiss"]
[EventRounds "7"]
[EventCountry "RSA"]
[SourceTitle "CBM 189 Extra"]
[Source "ChessBase"]
[SourceDate "2019.05.31"]
[SourceVersion "1"]
[SourceVersionDate "2019.05.31"]
[SourceQuality "1"]
[WhiteTeam "JHB Metro Cubs"]
[BlackTeam "Tshwane Impis"]
[WhiteTeamCountry "RSA"]
[BlackTeamCountry "RSA"]

1. e4 e5 2. Nf3 Nc6 3. Bc4 Bc5 4. 0-0 Nf6 5. d4 Bxd4 6. Nxd4 Nxd4 7. f4 d6 8. fxe5 dxe5 9. Bg5 Qe7 10. Na3 h6 11. Bxf6 gxf6 12. c3 Ne6 13. Qf3 0-0 14. Qxf6 Qxf6 15. Rxf6 Nf4 16. Rf1 Kg7 17. Rxf7+ Rxf7 18. Bxf7 Kxf7 19. g3 Bh3 20. Rf2 Rd8 0-1

[Event "World ol U16"]
[Site "Ahmedabad"]
[Date "2017.12.16"]
[Round "6.3"]
[White "Mlahleki, Vusimuzi"]
[Black "Tan, Jun Ying"]
[Result "1-0"]
[WhiteElo "1818"]
[BlackElo "2070"]
[PlyCount "95"]
[EventDate "2017.12.11"]
[EventType "team-swiss"]
[EventRounds "9"]
[EventCountry "IND"]
[SourceTitle "CBM 182 Extra"]
[Source "ChessBase"]
[SourceDate "2018.02.23"]
[SourceVersion "1"]
[SourceVersionDate "2018.02.23"]
[SourceQuality "1"]
[WhiteTeam "South Africa"]
[BlackTeam "Malaysia"]
[WhiteTeamCountry "RSA"]
[BlackTeamCountry "MAS"]

1. e4 Nf6 2. e5 Nd5 3. Nc3 Nxc3 4. bxc3 d5 5. d4 c5 6. Bb5+ Nc6 7. Bxc6+ bxc6 8. dxc5 Qa5 9. Qd4 Bf5 10. Nf3 e6 11. Be3 Qa6 12. Kd2 Be7 13. Rhb1 0-0 14. Qb4 Bd8 15. Qb7 Qa4 16. Nd4 Ba5 17. Qb3 Qc4 18. Qxc4 dxc4 19. Nxc6 Rfd8+ 20. Nxd8 Rxd8+ 21. Ke2 Bxc3 22. c6 Bxe5 23. c7 Bxc7 24. Rb7 Be5 25. Rd1 Rc8 26. Bd4 Bxd4 27. Rxd4 e5 28. Rd2 h5 29. c3 Bd3+ 30. Ke1 f5 31. Rdb2 Kh7 32. Rxa7 Rc6 33. Re7 e4 34. Rbb7 Rg6 35. g3 h4 36. a4 f4 37. gxf4 Rg1+ 38. Kd2 Ra1 39. Rxg7+ Kh6 40. Rg4 Rxa4 41. Rb6+ Kh7 42. Rb5 e3+ 43. Kxe3 Bg6 44. Rbg5 Ra6 45. f5 Kh8 46. Rxg6 Ra7 47. Rh6+ Rh7 48. Rxh7+ 1-0

[Event "World ol U16"]
[Site "Ahmedabad"]
[Date "2017.12.14"]
[Round "5.3"]
[White "Mlahleki, Vusimuzi"]
[Black "Tarigan, Gilbert Elroy"]
[Result "1-0"]
[WhiteElo "1818"]
[BlackElo "2091"]
[PlyCount "103"]
[EventDate "2017.12.11"]
[EventType "team-swiss"]
[EventRounds "9"]
[EventCountry "IND"]
[SourceTitle "CBM 182 Extra"]
[Source "ChessBase"]
[SourceDate "2018.02.23"]
[SourceVersion "1"]
[SourceVersionDate "2018.02.23"]
[SourceQuality "1"]
[WhiteTeam "South Africa"]
[BlackTeam "Indonesia"]
[WhiteTeamCountry "RSA"]
[BlackTeamCountry "INA"]

1. e4 c6 2. d4 d5 3. e5 Bf5 4. Nf3 e6 5. Be2 Nd7 6. 0-0 Bg6 7. Nbd2 Ne7 8. Nh4 Nf5 9. Nxg6 hxg6 10. Nf3 Be7 11. c3 a6 12. a4 c5 13. Qd3 c4 14. Qc2 b5 15. Bd2 0-0 16. g4 Nh4 17. Nxh4 Bxh4 18. f4 Qb6 19. a5 Qa7 20. g5 b4 21. Rf3 bxc3 22. bxc3 Bxg5 23. fxg5 Nxe5 24. Rf2 Nc6 25. Bf4 Rfe8 26. Bg3 Re7 27. Bd6 Rd7 28. Bc5 Qc7 29. Bb6 Qd6 30. Bg4 Rb7 31. Qd2 Re8 32. Re2 Nb8 33. Bc5 Qd8 34. Qf4 Nd7 35. Bd6 Nb8 36. Re3 Nc6 37. Bd1 f5 38. Ba4 Qc8 39. Rae1 Kf7 40. Bc5 Rd7 41. Rb1 e5 42. dxe5 Re6 43. Rb6 Rb7 44. Rxc6 Rb1+ 45. Kf2 Rb2+ 46. Kg3 Rxc6 47. Bxc6 Qxc6 48. e6+ Ke8 49. Qd6 Qxd6+ 50. Bxd6 Rb5 51. Kf4 Rxa5 52. Rh3 1-0

[Event "RSA-ch U16"]
[Site "Gauteng"]
[Date "2017.04.07"]
[Round "4"]
[White "Vester, Jordan"]
[Black "Mlahleki, Vusimuzi"]
[Result "1/2-1/2"]
[WhiteElo "1743"]
[BlackElo "1655"]
[PlyCount "32"]
[EventDate "2017.04.05"]
[EventType "swiss"]
[EventRounds "11"]
[EventCountry "RSA"]
[SourceTitle "CBM 177 Extra"]
[Source "ChessBase"]
[SourceDate "2017.04.27"]
[SourceVersion "1"]
[SourceVersionDate "2017.04.27"]
[SourceQuality "1"]

1. e4 e5 2. Nf3 Nf6 3. Bc4 Nxe4 4. Nc3 Nc6 5. 0-0 Nxc3 6. dxc3 Be7 7. Qd5 0-0 8. Nxe5 Nxe5 9. Qxe5 Bf6 10. Qg3 Re8 11. Be3 d6 12. Rad1 Qe7 13. Bd4 Bxd4 14. Rxd4 Be6 15. Bd3 Rad8 16. Rh4 h6 1/2-1/2

[Event "RSA-ch U16"]
[Site "Gauteng"]
[Date "2017.04.05"]
[Round "1"]
[White "Makhura, Thabang"]
[Black "Mlahleki, Vusimuzi"]
[Result "0-1"]
[WhiteElo "1310"]
[BlackElo "1655"]
[PlyCount "67"]
[EventDate "2017.04.05"]
[EventType "swiss"]
[EventRounds "11"]
[EventCountry "RSA"]
[SourceTitle "CBM 177 Extra"]
[Source "ChessBase"]
[SourceDate "2017.04.27"]
[SourceVersion "1"]
[SourceVersionDate "2017.04.27"]
[SourceQuality "1"]

1. e4 e5 2. Nf3 Nc6 3. Bc4 Bc5 4. d3 Nf6 5. c3 d6 6. Nbd2 Bd7 7. 0-0 Bb6 8. Re1 0-0 9. Nf1 Na5 10. Bb3 Nxb3 11. Qxb3 Qe8 12. Ng3 Bg4 13. Bg5 Nh5 14. Nd2 Nxg3 15. hxg3 Be6 16. Qd1 f5 17. Be3 Bxe3 18. Rxe3 f4 19. gxf4 exf4 20. Re1 Qg6 21. Nf3 Bh3 22. Nh4 Qg5 23. Kh2 Qxh4 24. gxh3 Qxf2+ 25. Kh1 f3 26. Qb3+ Kh8 27. Rg1 Qh4 28. Kh2 Qf4+ 29. Kh1 f2 30. Rgf1 Qg3 31. Qe6 Rf4 32. Rg1 fxg1Q+ 33. Rxg1 Qf3+ 34. Rg2 0-1

[Event "Boksburg Inter Region-ch"]
[Site "Boksburg"]
[Date "2016.12.22"]
[Round "5.3"]
[White "Mlahleki, Vusimuzi"]
[Black "Bezuidenhout, Roland Reinhold"]
[Result "1/2-1/2"]
[WhiteElo "1626"]
[BlackElo "2073"]
[PlyCount "108"]
[EventDate "2016.12.20"]
[EventType "team-swiss"]
[EventRounds "7"]
[EventCountry "RSA"]
[SourceTitle "CBM 176 Extra"]
[Source "ChessBase"]
[SourceDate "2017.03.02"]
[SourceVersion "1"]
[SourceVersionDate "2017.03.02"]
[SourceQuality "1"]
[WhiteTeam "Barbarians"]
[BlackTeam "The A-Team"]
[WhiteTeamCountry "RSA"]
[BlackTeamCountry "RSA"]

1. e4 e5 2. Nf3 Nc6 3. Bc4 Bc5 4. c3 Nf6 5. d3 d6 6. Be3 Bxe3 7. fxe3 Ng4 8. Qe2 Na5 9. Bb5+ c6 10. Ba4 b5 11. Bc2 Qb6 12. b4 Nb7 13. d4 0-0 14. h3 Nf6 15. 0-0 Be6 16. Nbd2 Nh5 17. Qf2 g6 18. Ng5 h6 19. Nxe6 fxe6 20. Qh4 Qd8 21. Rxf8+ Kxf8 22. Qxd8+ Nxd8 23. dxe5 dxe5 24. Nf3 Nf7 25. a4 Rc8 26. Bb3 Ke7 27. axb5 cxb5 28. Ra6 Ng7 29. Rxa7+ Kf6 30. Bd1 Rxc3 31. Kf2 Nd6 32. Nxe5 Nxe4+ 33. Kf3 Kxe5 34. Rxg7 Kf6 35. Rb7 Nd6 36. Rb6 Nc4 37. Rxb5 Nxe3 38. Be2 Nd5+ 39. Kf2 Rc2 40. Kf3 Rc3+ 41. Kf2 Rb3 42. Bc4 Rxb4 43. Rxb4 Nxb4 44. Kf3 Ke5 45. h4 Nc2 46. Kf2 Nd4 47. Bd3 Nf5 48. g3 Kd4 49. Bb1 e5 50. h5 e4 51. hxg6 Ng7 52. g4 h5 53. gxh5 Nxh5 54. Bxe4 Kxe4 1/2-1/2

[Event "RSA-ch U16"]
[Site "Bloemfontein"]
[Date "2016.03.25"]
[Round "10"]
[White "Reddy, Ananta"]
[Black "Mlahleki, Vusimuzi"]
[Result "0-1"]
[WhiteElo "1672"]
[BlackElo "1535"]
[PlyCount "50"]
[EventDate "2016.03.20"]
[EventType "swiss"]
[EventRounds "11"]
[EventCountry "RSA"]
[SourceTitle "CBM 171 Extra"]
[Source "ChessBase"]
[SourceDate "2016.04.26"]
[SourceVersion "1"]
[SourceVersionDate "2016.04.26"]
[SourceQuality "1"]

1. c4 e6 2. g3 d5 3. Bg2 Nf6 4. Nf3 b6 5. 0-0 Nbd7 6. cxd5 exd5 7. Qa4 Bd6 8. Nd4 Bb7 9. Nc6 Qc8 10. Nc3 Nc5 11. Nxa7+ Nxa4 12. Nxc8 Bxc8 13. Nxd5 Nxd5 14. Bxd5 Rb8 15. d4 b5 16. Bg2 Bb7 17. Bh3 Nb6 18. b3 0-0 19. f3 f5 20. e3 h5 21. Rf2 g6 22. Bb2 Bd5 23. Bg2 Rb7 24. Rc1 b4 25. Re2 Re8 0-1

[Event "RSA-ch U16"]
[Site "Bloemfontein"]
[Date "2016.03.24"]
[Round "9"]
[White "Minifie, Joshua"]
[Black "Mlahleki, Vusimuzi"]
[Result "1/2-1/2"]
[WhiteElo "1532"]
[BlackElo "1535"]
[PlyCount "74"]
[EventDate "2016.03.20"]
[EventType "swiss"]
[EventRounds "11"]
[EventCountry "RSA"]
[SourceTitle "CBM 171 Extra"]
[Source "ChessBase"]
[SourceDate "2016.04.26"]
[SourceVersion "1"]
[SourceVersionDate "2016.04.26"]
[SourceQuality "1"]

1. e4 e5 2. Nf3 Nf6 3. Nc3 Nc6 4. Bb5 d6 5. d4 exd4 6. Nxd4 Bd7 7. Nxc6 Bxc6 8. Bxc6+ bxc6 9. 0-0 Be7 10. f4 0-0 11. Be3 Qd7 12. f5 Rfe8 13. Qf3 Bf8 14. Bg5 Qe7 15. Kh1 h6 16. Bh4 Qd8 17. Rad1 Qb8 18. Bxf6 gxf6 19. Rb1 Bg7 20. Ne2 Kh7 21. Ng3 Rg8 22. Nh5 Qe8 23. Qg3 Qe5 24. Qxe5 dxe5 25. Rbd1 Rgd8 26. Rd3 Rab8 27. b3 Rd6 28. Rfd1 Rbd8 29. Rxd6 cxd6 30. c4 Kg8 31. Kg1 Kf8 32. Nxg7 Kxg7 33. Kf2 Kf8 34. Ke3 Ke7 35. b4 Rb8 36. Rb1 Kd7 37. a3 Kc7 1/2-1/2

[Event "RSA-ch U16"]
[Site "Bloemfontein"]
[Date "2016.03.20"]
[Round "1"]
[White "Klevansky, Aron"]
[Black "Mlahleki, Vusimuzi"]
[Result "1-0"]
[WhiteElo "1755"]
[BlackElo "1535"]
[PlyCount "82"]
[EventDate "2016.03.20"]
[EventType "swiss"]
[EventRounds "11"]
[EventCountry "RSA"]
[SourceTitle "CBM 171 Extra"]
[Source "ChessBase"]
[SourceDate "2016.04.26"]
[SourceVersion "1"]
[SourceVersionDate "2016.04.26"]
[SourceQuality "1"]

1. e4 e5 2. Nf3 Nf6 3. d4 Nxe4 4. Bd3 d5 5. Nxe5 Be6 6. 0-0 Nd7 7. Nc3 Nxc3 8. bxc3 Nxe5 9. dxe5 Qd7 10. Rb1 b6 11. Be3 c6 12. a4 Be7 13. Qf3 0-0 14. Qh5 g6 15. Qh6 Bf5 16. Rbe1 Rfe8 17. Bg5 Bxd3 18. cxd3 Qf5 19. Bxe7 Rxe7 20. d4 Rae8 21. Re3 f6 22. Rf3 Qg5 23. Qxg5 fxg5 24. Rg3 Rf8 25. Rxg5 Rf4 26. Rg3 Re4 27. Re3 Rxe3 28. fxe3 Rf7 29. Ra1 Kf8 30. a5 b5 31. Rf1 Rxf1+ 32. Kxf1 Ke7 33. Ke2 Ke6 34. a6 h5 35. Kd2 c5 36. Kd3 b4 37. cxb4 c4+ 38. Kc3 Kd7 39. e4 Kc6 40. exd5+ Kxd5 41. b5 h4 1-0

[Event "RSA-chT U18"]
[Site "Cape Town"]
[Date "2016.01.04"]
[Round "1.6"]
[White "Mlahleki, Vusimuzi"]
[Black "Veldsman, Juvan"]
[Result "1-0"]
[WhiteElo "1572"]
[BlackElo "1138"]
[PlyCount "33"]
[EventDate "2016.01.04"]
[EventType "team-tourn"]
[EventRounds "7"]
[EventCountry "RSA"]
[SourceTitle "CBM 170 Extra"]
[Source "ChessBase"]
[SourceDate "2016.02.25"]
[SourceVersion "1"]
[SourceVersionDate "2016.02.25"]
[SourceQuality "1"]
[WhiteTeam "Tshwane"]
[BlackTeam "Sedibeng"]
[WhiteTeamCountry "RSA"]
[BlackTeamCountry "RSA"]

1. e4 e5 2. Nf3 Nc6 3. d4 d6 4. Bc4 h6 5. dxe5 Bg4 6. exd6 Bxd6 7. 0-0 Bxf3 8. Qxf3 Ne5 9. Qb3 Nxc4 10. Qxc4 Qh4 11. g3 Qg4 12. Qb5+ c6 13. Qxb7 Rd8 14. Nc3 Nf6 15. e5 Bxe5 16. Re1 0-0 17. Rxe5 1-0